000 00623nam a22001817a 4500
999 _c177974
_d177974
005 20210311131204.0
010 _aENG-129213
020 _c260.00
_a978-93-89195-80-4
035 _aEN-112745
037 _bDBAD/PUB
082 _a881
245 _aSirpi Balasubramaniam: a reader
_cedited with an introduction by Indran Rajendran
260 _aNew Delhi
_bSahitya Bhavan
_c2019
270 _bNew Delhi
_aRabindra Bhavan, 35, Ferozeshah Road
_msecretary@sahitya-akademi.gov.in
_e110001
_k011 23386626/27/28
300 _a250p.
_c24cm(pbk)
700 _aIndran Rajendran, Ed.
942 _2ddc
_cEN
_h881
_mSIR